2010/11 Barcelona 5-0 Real Madrid XI's - Statistics

General Stats
  • This quiz has been taken 16 times
  • The average score is 18 of 22
Answer Stats
Hint Answer % Correct
7 Cristiano Ronaldo
100%
6 Xavi
100%
8 Andres Iniesta
93%
3 Gerard Pique
93%
9 Karim Benzema
93%
10 Lionel Messi
93%
12 Marcelo
93%
16 Sergio Busquets
93%
5 Carles Puyol
86%
1 Iker Casillas
86%
17 Pedro
86%
3 Pepe
86%
4 Sergio Ramos
86%
1 Victor Valdes
86%
7 David Villa
79%
22 Angel Di Maria
71%
2 Dani Alves
71%
23 Mesut Ozıl
71%
14 Xabi Alonso
71%
22 Eric Abidal
64%
24 Sami Khedira
57%
2 Ricardo Carvalho
36%
No matching quizzes found
Score Distribution
Percent of People with Each Score
Percentile by Number Answered
Your Score History
You have not taken this quiz